Parole diverse /

Gespeichert in:
Bibliographische Detailangaben
1. Verfasser: Casadei Turroni, Fabio (Verfasst von)
Format: Buch
Sprache:Italienisch
Veröffentlicht: [Italia] : WLM, 2008
Tags: Tag hinzufügen
Keine Tags, Fügen Sie das erste Tag hinzu!

MARC

LEADER 00000nam a22000007i 4500
001 IT\ICCU\UBO\3423343
003 ItRI
005 20260115232154.0
008 080515s2008 it |||||| ||||| |||||c
020 |a 9788890259630 
040 |b ita  |c importazione bologna sebina 
041 7 |a ita  |2 ISO-639-2 
100 1 |a Casadei Turroni, Fabio  |0 IT\ICCU\UBOV\579382  |4 aut 
245 1 0 |a Parole diverse /  |c Fabio Casadei Turroni. 
260 |a [Italia] :  |b WLM,  |c 2008 
300 |a 300 p. ;  |c 21 cm 
500 |a Tit. della cop. 
942 |2 ddc  |c BK  |n 0 
952 |0 0  |1 0  |4 0  |6 DOC_853_920000000000000_CAS  |7 0  |9 21375  |a BO  |b BO  |d 2026-01-15  |i 12018  |l 0  |o DOC 853.92 CAS  |p BO12018  |r 2026-01-15 23:21:54  |w 2026-01-15  |x [Sebina 5] [1 v.]  |y BK  |z 1 v. 
999 |c 18260  |d 18260